Datum a čas kvízu
25
Celkem bodů
Celkový počet nahraných bodů na tomto kvízu bez doplňovacích otázek.
7.
Pořadí na kvízu
Konečné umístění týmu na tomto kvízu.
Zaznamenané odpovědi
| # | Otázka | Odpověď | Body | Výsledky |
|---|---|---|---|---|
| 1. | Minulý týden byli jmenováni dv... | D | 1 | |
| 2. | Na co je podle šéfky pro zahra... | A | 1 | |
| 3. | Jakub Hrůša získal minulý týde... | dirigent (hudební ředitel) | 0 | |
| 4. | Mladoboleslavská automobilka p... | Epiq; Peaq | 0 | |
| 5. | Půl bodu získáte za jméno česk... | Jakub Menšík, oštěp | 0 | |
| 6. | Vaším úkolem v tématu bude odh... | červenou, bílou | 0 | |
| 7. | Teď se podíváme na domácí fotb... | čtyři | 0 | |
| 8. | Pojďme na hokej. Olomoucký koh... | červenou | 1 | |
| 9. | Na základě zobrazených barev l... | Los Angeles Lakers | 1 | |
| 10. | Které americké město oslavuje... | Pittsburgh | 0 |